| 000 | 01130nam a22002537a 4500 | ||
|---|---|---|---|
| 001 | BRCA_9295 | ||
| 003 | FranzMayer | ||
| 005 | 20230724142502.0 | ||
| 008 | 230724b |||||||| |||| 00| 0 eng d | ||
| 040 |
_aMFM _besp _cMFM |
||
| 050 | 4 |
_aCO1693 _bM45 1620 |
|
| 082 | _2DP48.9 | ||
| 100 | 1 |
_4Autor _aMelchiore, Licentiato _928963 |
|
| 240 | 1 |
_aTractatus Maioratuum et Meliorationum Hispaniae _hTomus secundus _lLatín |
|
| 245 | 0 |
_aTractatus Maioratuum et Meliorationum Hispaniae _bTomus secundus |
|
| 260 |
_aMatriti, España _bExcudebat Ludouicus Sanctius Typographus Regius, ciufdem y Ioannis de Bonilla Bibliopola fumptibus _c1620 |
||
| 300 |
_a312 p _c30 cm |
||
| 440 |
_aTractatus Maioratuum et Meliorationum Hispaniae _nTomus Secundus _pVol 2 _928964 |
||
| 500 | _aLa primer hoja del libro esta arrugada y presenta un poco de daño | ||
| 505 | _aTexto en: latínDirigido a: filólogos, historiadores, sociólogos, antropólogosIncluye índice temático | ||
| 650 | 1 |
_2España _aHistoria de España _vCivilización española _928965 |
|
| 651 | 2 |
_2Vida española _aClases sociales _vCostumbres _928966 |
|
| 942 |
_2lcc _cB |
||
| 999 |
_c10915 _d10915 |
||